البقرة / (رقم التسجيلة. 77197)
[ عرض عادي ]
| 000 -LEADER | |
|---|---|
| fixed length control field | 00590nam a22001937a 4500 |
| 005 - DATE AND TIME OF LATEST TRANSACTION | |
| control field | 20251108172346.0 |
| 008 - FIXED-LENGTH DATA ELEMENTS--GENERAL INFORMATION | |
| fixed length control field | 250721s9999 xx 000 0 ara d |
| 082 14 - DEWEY DECIMAL CLASSIFICATION NUMBER | |
| Classification number | ط/599.73/أشر |
| 100 1# - MAIN ENTRY--PERSONAL NAME | |
| Personal name | أشرف، وفاء |
| 245 10 - TITLE STATEMENT | |
| Title | البقرة / |
| 264 1# - PRODUCTION, PUBLICATION, DISTRIBUTION, MANUFACTURE, AND COPYRIGHT NOTICE | |
| Place of production, publication, distribution, manufacture | القاهرة : |
| Name of producer, publisher, distributor, manufacturer | الدار المصرية اللبنانية، |
| Date of production, publication, distribution, manufacture, or copyright notice | [19-]. |
| 300 ## - PHYSICAL DESCRIPTION | |
| Extent | 16ص. |
| 490 0# - SERIES STATEMENT | |
| Series statement | أريد أن أعرف |
| Volume/sequential designation | 9 |
| 650 17 - SUBJECT ADDED ENTRY--TOPICAL TERM | |
| Topical term or geographic name as entry element | الأبقار |
| 653 ## - INDEX TERM--UNCONTROLLED | |
| Uncontrolled term | اطفال مرحلة متوسطة (6-9)سنوات |
| 700 1# - ADDED ENTRY--PERSONAL NAME | |
| Personal name | البطراوي، عادل |
| Relator term | رسوم |
| 942 ## - ADDED ENTRY ELEMENTS (KOHA) | |
| Source of classification or shelving scheme | Dewey Decimal Classification |
| Koha item type | كتب |
| حالة السحب | حالة الفقدان | مصدر التصنيف | حالة التلف | غير قابل للإعارة | المكتبة الرئيسية | المكتبة الحالية | موقع الرف | تاريخ التزويد | الرقم المتسلسل | Total Checkouts | رقم الإستدعاء | الباركود | تاريخ آخر ظهور | تاريخ الفاتورة | نوع المادة (كوها) |
|---|---|---|---|---|---|---|---|---|---|---|---|---|---|---|---|
| Dewey Decimal Classification | مكتبة الاميرة بديعة | مكتبة الاميرة بديعة | الأطفال | 27/06/2015 | 364167 | ط/599.73/أشر | PLD00334199 | 28/07/2025 | 27/06/2015 | كتب | |||||
| Dewey Decimal Classification | مكتبة الحسن العامة | مكتبة الحسن العامة | الأطفال | 19/02/2019 | 36417 | ط/599.73/أشر | PLD00445285 | 28/07/2025 | 19/02/2019 | كتب | |||||
| Dewey Decimal Classification | مكتبة الياسمين للأطفال | مكتبة الياسمين للأطفال | الأطفال | 25/03/2014 | 364155 | ط/599.73/أشر | PLD00296431 | 28/07/2025 | 25/03/2014 | كتب | |||||
| Dewey Decimal Classification | مكتبة بدر للأطفال | مكتبة بدر للأطفال | الأطفال | 16/08/2022 | 268366 | ط/599.73/أشر | PLD00499483 | 28/07/2025 | 16/08/2022 | كتب | |||||
| Dewey Decimal Classification | مكتبة بدر للأطفال | مكتبة بدر للأطفال | الأطفال | 17/08/2022 | 290518 | ط/599.73/أشر | PLD00499516 | 28/07/2025 | 17/08/2022 | كتب | |||||
| Dewey Decimal Classification | مكتبة وادي السير العامة | مكتبة وادي السير العامة | الأطفال | 03/11/2015 | 364164 | ط/599.73/أشر | PLD00361798 | 28/07/2025 | 03/11/2015 | كتب |